Essay on the productive resources of India / (Record no. 36313)
[ view plain ]
| 000 -LEADER | |
|---|---|
| fixed length control field | 00686nam a2200229 a 4500 |
| 001 - CONTROL NUMBER | |
| control field | 36313 |
| 003 - CONTROL NUMBER IDENTIFIER | |
| rucl marc code | BD-RjUL |
| 005 - DATE AND TIME OF LATEST TRANSACTION | |
| control field | 20211209052453.0 |
| 008 - FIXED-LENGTH DATA ELEMENTS--GENERAL INFORMATION | |
| fixed length control field | 190212s1840 enk 000 0 eng |
| 035 ## - SYSTEM CONTROL NUMBER | |
| System control number | (BD-RjUL)36410 |
| 040 ## - CATALOGING SOURCE | |
| Original cataloging agency | DLC |
| Transcribing agency | MNU |
| Language of cataloging | eng |
| Modifying agency | BD-RjUL |
| 041 ## - LANGUAGE CODE | |
| Language code of text/sound track or separate title | eng |
| 043 ## - GEOGRAPHIC AREA CODE | |
| Geographic area code | a-ii--- |
| 082 ## - DEWEY DECIMAL CLASSIFICATION NUMBER | |
| Edition number | 23 |
| Classification number | 330.954 |
| Author mark and year | ROE 1840 |
| 100 1# - MAIN ENTRY--PERSONAL NAME | |
| Personal name | Royle, J. Forbes |
| Fuller form of name | (John Forbes), |
| Dates associated with a name | 1798-1858. |
| 9 (RLIN) | 228142 |
| 245 10 - TITLE STATEMENT | |
| Title | Essay on the productive resources of India / |
| Statement of responsibility, etc. | by J. F. Royle. |
| 260 ## - PUBLICATION, DISTRIBUTION, ETC. (IMPRINT) | |
| Place of publication, distribution, etc. | London : |
| Name of publisher, distributor, etc. | Wm. H. Allen, |
| Date of publication, distribution, etc. | 1840. |
| 300 ## - PHYSICAL DESCRIPTION | |
| Pagination | x, 451 p. ; |
| Size | 24 cm. |
| 504 ## - BIBLIOGRAPHY, ETC. NOTE | |
| Bibliography, etc | Includes bibliographcal references. |
| 651 #0 - SUBJECT ADDED ENTRY--GEOGRAPHIC NAME | |
| Geographic name | India |
| General subdivision | Economic conditions. |
| 9 (RLIN) | 228143 |
| 942 ## - ADDED ENTRY ELEMENTS (KOHA) | |
| Source of classification or shelving scheme | Dewey Decimal Classification |
| Koha item type | Rare Books |
| Lost status | Source of classification or shelving scheme | Damaged status | Not for loan | Collection code | Permanent Location | Current Location | Shelving location | Date acquired | Total Checkouts | Full call number | Date last seen | Copy number | Koha item type |
|---|---|---|---|---|---|---|---|---|---|---|---|---|---|
| Dewey Decimal Classification | Not For Loan | Rare Books | Central Library, University of Rajshahi | Central Library, University of Rajshahi | Rare Book Section | 12/02/2019 | RA 330.954 ROE 1840 | 12/02/2019 | C-1 | Rare Books |